The ancient Near East /

محفوظ في:

المؤلف الرئيسي: Gordon, Cyrus H. 1908-2001 (مؤلف)

التنسيق: كتاب

اللغة: English

منشور في: New York : W. W. Norton, [1965].

الطبعة: 3rd ed., rev.

سلاسل: The Norton Library ; N275.

الموضوعات:

الوسوم: إضافة وسم

لا توجد وسوم, كن أول من يضع وسما على هذه التسجيلة!

رقم الطلب: BS635 .G74 1965

LEADER 00821nam a2200241I 4500
001 6465
003 OSt
005 20251016085119.0
008 130303s1965 nyu 000 0 eng d
040 |c ARCE Library 
050 4 |a BS635 .G74 1965 
100 1 |a Gordon, Cyrus H.  |q (Cyrus Herzl),  |d 1908-2001,  |e author 
245 1 4 |a The ancient Near East /  |c by Cyrus Herzl Gordon. 
250 |a 3rd ed., rev. 
264 1 |a New York :  |b W. W. Norton,  |c [1965]. 
300 |a 312 pages ;  |c 20 cm. 
490 0 |a The Norton Library ;   |v N275. 
500 |a Previous editions of this book have been entitled The World of the Old Testament and Introduction to Old Testament Times. 
630 0 0 |a Bible.  |p O.T.  |x History of contemporary events. 
651 0 |a Middle East   |x History   |y To 622. 
901 |a reviewed 
942 |c BK  |2 lcc 
999 |c 8533  |d 8533